Statistics for 与波兰接壤的国家

Click here to take the quiz!

General Stats

  • This quiz has been taken 75 times
  • The average score is 7 of 7

Answer Stats

边界长度
(千米)
国家% Correct
206俄罗斯
100%
456德国
97%
658捷克
96%
526乌克兰
94%
444斯洛伐克
94%
407白俄罗斯
91%
91立陶宛
91%

Score Distribution

Percentile by Number Answered

Percent of People with Each Score

Your Score History

You have not taken this quiz